Sustentabilidad, cultura y ambiente: el caso de la transición de una comunidad pesquera al turismo /

Desde tres dimensiones generalmente poco tomadas en consideración: cultura, sociedad y medio ambiente, se analizan los impactos generados por el desarrollo del turismo en el caso de la isla de San Pedro, Belice. Un estudio detallado del proceso de transición al turismo de una comunidad de pescadores...

Celý popis

Uloženo v:
Podrobná bibliografie
Hlavní autor: Arnaiz Burne, Stella
Médium: Text
Témata:
Tagy: Přidat tag
Žádné tagy, Buďte první, kdo vytvoří štítek k tomuto záznamu!

MARC

LEADER 00000 a a2200000 04500
001 16598
003
040
100 |a Arnaiz Burne, Stella  
245 |a Sustentabilidad, cultura y ambiente:   |b el caso de la transición de una comunidad pesquera al turismo /  |c Stella Arnaiz Burne 
520 |a Desde tres dimensiones generalmente poco tomadas en consideración: cultura, sociedad y medio ambiente, se analizan los impactos generados por el desarrollo del turismo en el caso de la isla de San Pedro, Belice. Un estudio detallado del proceso de transición al turismo de una comunidad de pescadores   |a los proceso de modificación de sus costumbres, hábitos, actividades, cultura en general, sirven de base para una reflexión sobre las alternativas de un desarrollo sostenible y autónomo en el contexto de un mundo en globalización  
650 |a TURISMO  
650 |a CAMBIO CULTURAL  
650 |a DESARROLLO SOSTENIBLE  
650 |a MEDIO AMBIENTE  
650 |a DESARROLLO ECONOMICO Y SOCIAL  
650 |a PESCADORES  
650 |a BELICE  
773 |g volumen 2, número 4; páginas 215-225  
999 |c 22164  |d 22164